[Event "1st Grand Europe Open"]
[Site "Golden Sands BUL"]
[Date "2012.06.10"]
[Round "7.58"]
[White "Arnaudov, Petar"]
[Black "Nikolova, Adriana"]
[Result "0-1"]
[BlackTitle "WGM"]
[WhiteElo "2154"]
[BlackElo "2345"]
[WhiteFideId "2901706"]
[BlackFideId "2908689"]
[EventDate "2012.06.04"]
[EventType "swiss"]

1. g3 c5 2. e4 Nc6 3. Bg2 g6 4. Nc3 Bg7 5. d3 d6 6. Bg5 Rb8 7. Qd2 b5 8. Nge2 b4
9. Nd1 Qb6 10. O-O e6 11. Kh1 Bb7 12. a3 a5 13. axb4 axb4 14. Ne3 Na5 15. f4 h6
16. Bh4 h5 17. Ra2 f5 18. Rfa1 Nc6 19. Nc4 Qc7 20. e5 dxe5 21. fxe5 Nxe5 22. Nf4
Kf7 23. Ra7 Nxc4 24. dxc4 Nf6 25. Bxf6 Bxf6 26. Qe2 Rhe8 27. R1a6 Re7 28. Kg1
Bd4+ 29. Kf1 Qe5 30. Qxe5 Bxe5 31. Bxb7 Bxf4 32. gxf4 Rexb7 33. Rxb7+ Rxb7 34.
Rc6 Rd7 35. Ke2 Rd4 36. b3 Rxf4 37. Rxc5 Rh4 38. Rb5 Rxh2+ 39. Kd3 f4 40. Rxb4
f3 41. c5 g5 42. Rc4 Ke7 43. c6 Kd8 44. b4 Rh1 45. Ke3 g4 46. Rf4 Rb1 0-1

[Event "1st Grand Europe Open"]
[Site "Golden Sands BUL"]
[Date "2012.06.10"]
[Round "7.59"]
[White "Pogosian, Vladimir"]
[Black "Shalamberidze, Akaki"]
[Result "1-0"]
[BlackTitle "IM"]
[WhiteElo "2146"]
[BlackElo "2333"]
[WhiteFideId "13301586"]
[BlackFideId "13600532"]
[EventDate "2012.06.04"]
[EventType "swiss"]

1. f4 d5 2. Nf3 Nf6 3. g3 c5 4. Bg2 g6 5. O-O b6 6. d3 Bb7 7. e3 Bg7 8. Nbd2 O-O
9. Ne5 Nc6 10. Ndf3 Nd7 11. Nxc6 Bxc6 12. Bh3 Re8 13. f5 e5 14. fxe6 fxe6 15. c3
g5 16. e4 h6 17. e5 Qe7 18. d4 Rf8 19. Qd3 Rf7 20. Bg4 a6 21. a4 b5 22. Bh5 Rff8
23. b3 Rab8 24. axb5 axb5 25. Ra6 Rb6 26. Ra7 b4 27. dxc5 Rbb8 28. Be3 Nxc5 29.
Rxe7 Nxd3 30. Rxe6 Bb5 31. cxb4 Nxe5 32. Rf2 Nd3 33. Rd2 Rfc8 34. Nd4 Nxb4 35.
Nf5 Rc1+ 36. Kg2 Bf1+ 37. Kf2 Nd3+ 38. Rxd3 Bxd3 39. Ne7+ Kh7 40. Bxc1 Rxb3 41.
Nxd5 Rb1 42. Be3 Rb2+ 43. Ke1 Rxh2 44. Bf3 Bf5 45. Re7 Kg8 46. Bf2 g4 47. Be4
Bxe4 48. Rxe4 Rh1+ 49. Ke2 h5 50. Ne7+ Kf7 51. Nf5 Bf6 52. Bd4 Rh2+ 53. Kd3 Bg5
54. Nd6+ Kg6 55. Re6+ Kh7 56. Ne4 Bd8 57. Rd6 Ba5 58. Nf6+ 1-0

[Event "1st Grand Europe Open"]
[Site "Golden Sands BUL"]
[Date "2012.06.10"]
[Round "7.60"]
[White "Dimitrov, Pavel"]
[Black "Korduban, Valerij"]
[Result "0-1"]
[WhiteTitle "IM"]
[WhiteElo "2323"]
[BlackElo "2127"]
[WhiteFideId "2907470"]
[BlackFideId "14121824"]
[EventDate "2012.06.04"]
[EventType "swiss"]

1. e4 Nf6 2. Nc3 d5 3. e5 Ne4 4. Nf3 Bg4 5. d3 Nxc3 6. bxc3 e6 7. d4 c5 8. h3
Bxf3 9. Qxf3 Nc6 10. Bb5 Qa5 11. Bxc6+ bxc6 12. O-O Rb8 13. Bg5 h6 14. Rab1 Rb6
15. Bh4 g5 16. Bg3 Be7 17. Qd3 c4 18. Qe3 Qxa2 19. Ra1 Qxc2 20. Rxa7 Rb3 21. Qf3
Qf5 22. Qxf5 exf5 23. f4 gxf4 24. Rxf4 Rxc3 25. Ra8+ Kd7 26. Rxh8 Rxg3 27. Rxf5
c3 28. Rf2 c5 29. Rh7 Bg5 30. Kh2 Rd3 31. dxc5 Rd2 32. Rhxf7+ Ke6 33. Rf1 c2 34.
c6 Rd1 35. c7 c1=Q 36. Rxd1 Bf4+ 37. Rxf4 Qxf4+ 38. Kh1 Qc4 39. Re1 Qxc7 40. Kg1
Qc2 41. Kf1 d4 42. Re2 d3 0-1

[Event "1st Grand Europe Open"]
[Site "Golden Sands BUL"]
[Date "2012.06.10"]
[Round "7.61"]
[White "Yordanova, Svetla"]
[Black "Jevtic, Sasa"]
[Result "1-0"]
[WhiteTitle "WIM"]
[BlackTitle "FM"]
[WhiteElo "2095"]
[BlackElo "2315"]
[WhiteFideId "2905108"]
[BlackFideId "920452"]
[EventDate "2012.06.04"]
[EventType "swiss"]

1. e4 d5 2. exd5 Qxd5 3. Nc3 Qa5 4. d4 Nf6 5. Nf3 Bg4 6. h3 Bh5 7. g4 Bg6 8. Ne5
c6 9. Bg2 Nbd7 10. Qe2 Nxe5 11. dxe5 Nd5 12. Bd2 Nxc3 13. Bxc3 Qc7 14. O-O-O e6
15. f4 h5 16. f5 Bh7 17. fxe6 fxe6 18. Qc4 Bg8 19. Rhf1 Rd8 20. Rxd8+ Qxd8 21.
Bxc6+ 1-0

[Event "1st Grand Europe Open"]
[Site "Golden Sands BUL"]
[Date "2012.06.10"]
[Round "7.62"]
[White "Videnova, Iva"]
[Black "Ljangov, Petar"]
[Result "1-0"]
[WhiteTitle "WGM"]
[WhiteElo "2313"]
[BlackElo "2098"]
[WhiteFideId "2907763"]
[BlackFideId "2901277"]
[EventDate "2012.06.04"]
[EventType "swiss"]

1. e4 c5 2. Nf3 e6 3. d4 cxd4 4. Nxd4 a6 5. Bd3 Bc5 6. Nb3 Ba7 7. Qg4 Nf6 8. Qg3
d6 9. Nc3 Nc6 10. O-O O-O 11. Be2 Nd4 12. Nxd4 Bxd4 13. Bh6 Ne8 14. Rad1 Qb6 15.
Na4 Qa7 16. c3 Be5 17. Qg4 b5 18. Be3 Qc7 19. Nb6 Rb8 20. Nxc8 Qxc8 21. f4 Bf6
22. a3 Qc6 23. Bd3 Bd8 24. Kh1 Nf6 25. Qf3 Bb6 26. Bc1 Rbd8 27. Rde1 Rd7 28. Qh3
d5 29. e5 Ne4 30. Qf3 Nc5 31. Bc2 g6 32. Be3 Na4 33. Bxa4 bxa4 34. Bxb6 Qxb6 35.
Rf2 d4 36. Rd2 Rfd8 37. Qd1 Qb5 38. cxd4 Qc4 39. Re4 Rb8 40. Re3 Rb3 41. Rxb3
axb3 42. Rd3 Rb7 43. Rc3 Qd5 44. h3 h5 45. Qd3 Qb5 46. Qxb5 Rxb5 47. Kg1 Rd5 48.
Rc4 Kf8 49. Kf2 a5 50. Ke3 Ke8 51. Kd3 Kd8 52. Kc3 Rd7 53. Kxb3 Rb7+ 54. Kc3 Kd7
55. Rc5 a4 56. Kc2 Rb3 57. Rc3 Rb8 58. g4 hxg4 59. hxg4 Rh8 60. Rf3 Rb8 61. f5
gxf5 62. gxf5 Kc6 63. fxe6 fxe6 64. Rf7 Kd5 65. Rd7+ Kc4 66. Rd6 Rh8 67. Rxe6
Rh2+ 68. Kb1 Rh1+ 69. Ka2 Rd1 70. Rd6 1-0

[Event "1st Grand Europe Open"]
[Site "Golden Sands BUL"]
[Date "2012.06.10"]
[Round "7.63"]
[White "Ibryamov, Ilhan"]
[Black "Todorov, Ognjan"]
[Result "1/2-1/2"]
[BlackTitle "IM"]
[WhiteElo "2142"]
[BlackElo "2305"]
[WhiteFideId "2918854"]
[BlackFideId "2900521"]
[EventDate "2012.06.04"]
[EventType "swiss"]

1. d4 Nf6 2. Nf3 g6 3. c4 c5 4. d5 Bg7 5. Nc3 d6 6. e3 O-O 7. Be2 e6 8. O-O exd5
9. cxd5 Re8 10. Qc2 Bf5 11. Bd3 Bxd3 12. Qxd3 Na6 13. a3 Rc8 14. Qc4 Nd7 15. e4
Nb6 16. Qd3 c4 17. Qc2 Nc5 18. Re1 Nd3 19. Re2 Nd7 20. Rb1 N7c5 21. Nd2 Nf4 22.
Re3 Ncd3 23. Nf3 Nxc1 24. Rxc1 Nd3 25. Rb1 Qa5 26. Nd2 b5 27. Nf3 Qb6 28. g3 a5
29. Ne1 b4 30. axb4 axb4 31. Na4 Nxe1 32. Rbxe1 Qb5 33. b3 c3 34. Kg2 Re7 35.
Qe2 Qb7 36. Qc2 Rce8 37. Qd3 Ra8 38. Ra1 Rc7 39. Qc2 f5 40. f3 fxe4 41. fxe4 Rf7
42. Ra2 Raf8 43. Qd3 Be5 44. Ree2 Rf1 45. Rf2 R8xf2+ 46. Rxf2 Rxf2+ 47. Kxf2
Qa7+ 48. Kf1 Qc7 49. Qc2 Bd4 50. Ke2 Bg1 51. Nb2 Bxh2 52. Nd3 Qb6 53. Kf3 Qg1
54. Nxb4 Qxg3+ 55. Ke2 Bg1 56. Nd3 Qg2+ 57. Kd1 Qf1+ 58. Ne1 Bf2 59. Qxc3 Bxe1
60. Qxe1 Qd3+ 61. Kc1 Qxb3 62. Qh4 Qc3+ 63. Kd1 Qe5 64. Kd2 Kg7 65. Kd3 Qf6 66.
Qg4 h5 67. Qd7+ Kh6 68. Qh3 g5 69. Kc4 Qe5 70. Kb5 Qxe4 71. Qe6+ Qg6 72. Kc6 h4
73. Qg4 Qf6 74. Qe6 Qxe6 75. dxe6 h3 76. e7 h2 77. e8=Q h1=Q+ 78. Kxd6 Qd1+ 79.
Kc5 Qd3 80. Qh8+ Kg6 81. Qg8+ Kh5 82. Qh8+ Kg4 83. Qh2 Qf3 84. Qg1+ Kf4 85. Qh2+
Qg3 86. Qh6 Kf3 87. Kd4 Kg2 88. Qc6+ Qf3 89. Qg6 g4 90. Ke5 g3 91. Qc2+ Kf1 92.
Kd6 g2 93. Qc1+ Kf2 94. Qd2+ Kg3 95. Qg5+ Kh2 96. Qd2 Qg3+ 97. Kc6 Kh1 98. Qd5
Qg6+ 99. Kb7 Kh2 100. Qe5+ Qg3 101. Qh5+ Kg1 102. Qd1+ Kh2 103. Qh5+ Qh3 104.
Qe5+ Kh1 105. Qe4 Qg3 106. Qh7+ Qh2 107. Qe4 Qh5 108. Ka8 Kh2 109. Qf4+ Kh3 110.
Qe3+ Kh2 111. Qf4+ Kh1 112. Qe4 Qa5+ 113. Kb7 Qb5+ 114. Ka8 Qh5 115. Kb7 Qf7+
116. Ka8 Qa2+ 117. Kb7 Qf2 118. Qh7+ Kg1 119. Qe4 Qb2+ 120. Ka8 Qa2+ 121. Kb7
Kf2 122. Qf4+ 1/2-1/2

[Event "1st Grand Europe Open"]
[Site "Golden Sands BUL"]
[Date "2012.06.10"]
[Round "7.64"]
[White "Furman, Boris"]
[Black "Qiu, Mengjie"]
[Result "1-0"]
[WhiteTitle "FM"]
[WhiteElo "2285"]
[BlackElo "1982"]
[WhiteFideId "4107187"]
[BlackFideId "8606137"]
[EventDate "2012.06.04"]
[EventType "swiss"]

1. d4 Nf6 2. c4 g6 3. Nc3 d5 4. Bg5 Ne4 5. Bh4 Nxc3 6. bxc3 Bg7 7. Nf3 c5 8. e3
Nc6 9. Rc1 O-O 10. Be2 dxc4 11. Bxc4 cxd4 12. cxd4 Bf5 13. O-O Rc8 14. Qd2 Qd6
15. Rfd1 e5 16. Bg3 Bg4 17. h3 Bxf3 18. gxf3 Qd7 19. d5 Ne7 20. e4 Rc5 21. d6
Nc6 22. Bxf7+ Qxf7 23. Rxc5 Nd4 24. Qd3 Qd7 25. Qc4+ Kh8 26. Rxd4 exd4 27. Kg2
a6 28. Rc7 b5 29. Qd5 Qd8 30. e5 1-0

[Event "1st Grand Europe Open"]
[Site "Golden Sands BUL"]
[Date "2012.06.10"]
[Round "7.67"]
[White "Guven, Baris"]
[Black "Guempel, Viktor"]
[Result "1-0"]
[BlackTitle "FM"]
[WhiteElo "1929"]
[BlackElo "2266"]
[WhiteFideId "6317553"]
[BlackFideId "4148509"]
[EventDate "2012.06.04"]
[EventType "swiss"]

1. e4 e5 2. Nf3 Nc6 3. Bb5 f5 4. d3 Nf6 5. O-O Bc5 6. Nc3 O-O 7. exf5 Nd4 8.
Nxe5 c6 9. Ba4 d6 10. Nf3 Bxf5 11. Nxd4 Bxd4 12. Be3 Bb6 13. Bxb6 Qxb6 14. Bb3+
d5 15. h3 a5 16. a4 Rf7 17. Ne2 Raf8 18. Ng3 Nd7 19. d4 Bg6 20. c4 Nf6 21. Rc1
Rd7 22. c5 Qb4 23. Rc3 Rdf7 24. Rf3 Be4 25. Re3 Bg6 26. f3 Nh5 27. Nxh5 Bxh5 28.
Qd3 Rf4 29. Rd1 b6 30. Qc3 bxc5 31. Qxb4 cxb4 32. Re7 Re8 33. Rc7 Re3 34. Bc2
Re2 35. Rxc6 Rf6 36. Rc5 Bg6 37. Bb3 Rxb2 38. Bxd5+ Kf8 39. Re1 Bf5 40. Rxa5 g5
41. Ra7 Rd2 42. Ree7 Bc8 43. Rec7 1-0

[Event "1st Grand Europe Open"]
[Site "Golden Sands BUL"]
[Date "2012.06.10"]
[Round "7.71"]
[White "Samhouri, Bilal"]
[Black "Mladenov, Emil"]
[Result "1/2-1/2"]
[WhiteTitle "FM"]
[WhiteElo "2281"]
[BlackElo "2081"]
[WhiteFideId "8100942"]
[BlackFideId "2904918"]
[EventDate "2012.06.04"]
[EventType "swiss"]

1. d4 d6 2. Nf3 g6 3. c4 Bg7 4. Nc3 e5 5. dxe5 dxe5 6. Qxd8+ Kxd8 7. Bd2 Be6 8.
O-O-O Nd7 9. b3 f6 10. g3 Nh6 11. Bg2 c6 12. Ne4 Kc7 13. Bb4 Nf7 14. Rd2 a5 15.
Bd6+ Nxd6 16. Nxd6 a4 17. b4 a3 18. Kc2 Ra4 19. Kc3 Rb8 20. e4 1/2-1/2

[Event "1st Grand Europe Open"]
[Site "Golden Sands BUL"]
[Date "2012.06.10"]
[Round "7.72"]
[White "Sadikhov, Ulvi"]
[Black "Foisor, Mihaela-Veronica"]
[Result "1/2-1/2"]
[BlackTitle "WFM"]
[WhiteElo "2120"]
[BlackElo "2244"]
[WhiteFideId "13401416"]
[BlackFideId "2270757"]
[EventDate "2012.06.04"]
[EventType "swiss"]

1. e4 e6 2. d4 d5 3. Nd2 Nf6 4. e5 Nfd7 5. Bd3 c5 6. c3 Nc6 7. Ngf3 g6 8. O-O
Bg7 9. h4 h6 10. Re1 Qb6 11. dxc5 Nxc5 12. Bb1 Qc7 13. Nf1 b6 14. Bf4 Bb7 15.
Nd4 Qe7 16. Qg4 O-O-O 17. Nd2 Kb8 18. a4 Nxd4 19. cxd4 Na6 20. a5 Nb4 21. axb6
axb6 22. Qg3 Bf8 23. Rc1 Rc8 24. Rxc8+ Bxc8 25. Nb3 Bb7 26. Bd2 Qd7 27. Bxb4
Bxb4 28. Bd3 Be7 29. Qg4 h5 30. Qf4 Bd8 31. Nd2 Rg8 32. Nf3 Qe8 33. Ng5 Bxg5 34.
hxg5 Qe7 35. Rc1 Rc8 1/2-1/2

[Event "1st Grand Europe Open"]
[Site "Golden Sands BUL"]
[Date "2012.06.10"]
[Round "7.75"]
[White "Yakimenko, Alexander A."]
[Black "Chikovani, Vakhtang"]
[Result "1-0"]
[WhiteElo "2220"]
[BlackElo "2069"]
[WhiteFideId "24141917"]
[BlackFideId "13601571"]
[EventDate "2012.06.04"]
[EventType "swiss"]

1. d4 Nf6 2. c4 c5 3. d5 b5 4. Nc3 b4 5. Nb1 g6 6. a3 a5 7. f3 Bg7 8. e4 O-O 9.
Bd3 e6 10. Ne2 exd5 11. cxd5 Ba6 12. Bxa6 Rxa6 13. Qd3 Qc8 14. Nd2 d6 15. O-O
Nfd7 16. f4 Nb6 17. Nc4 Nxc4 18. Qxc4 Rb6 19. Qc2 Re8 20. Ng3 Bd4+ 21. Kh1 b3
22. Qd1 Nd7 23. Rb1 Nf6 24. Qf3 a4 25. f5 Kg7 26. Bg5 Rf8 27. Qf4 Ng8 28. f6+
Kh8 29. Qh4 Be5 30. Rf3 Qd8 31. Nf1 Re8 32. Ne3 Bxf6 33. Rxf6 Rxe4 34. Qxe4 Nxf6
35. Qh4 1-0

[Event "1st Grand Europe Open"]
[Site "Golden Sands BUL"]
[Date "2012.06.10"]
[Round "7.76"]
[White "Chen, Yang"]
[Black "Konijn, Bart"]
[Result "0-1"]
[WhiteElo "2094"]
[BlackElo "2211"]
[WhiteFideId "8602360"]
[BlackFideId "1016300"]
[EventDate "2012.06.04"]
[EventType "swiss"]

1. d4 d5 2. Nc3 Nf6 3. Bg5 Nbd7 4. Qd3 c6 5. e4 dxe4 6. Nxe4 Qa5+ 7. Bd2 Qb6 8.
O-O-O g6 9. Re1 Bg7 10. Nd6+ Kf8 11. Nc4 Qc7 12. Nf3 Nb6 13. Qb3 Nbd5 14. Ne3 b5
15. Nxd5 Nxd5 16. Ne5 Be6 17. Qf3 Kg8 18. Kb1 c5 19. Bxb5 cxd4 20. Nc6 Qd6 21.
Nxe7+ Qxe7 22. Qxd5 Rb8 23. Bd3 Qa3 24. Qd8+ Bf8 0-1

[Event "1st Grand Europe Open"]
[Site "Golden Sands BUL"]
[Date "2012.06.10"]
[Round "7.77"]
[White "Ojagverdiyev, Zaur"]
[Black "Mgeladze, Tamaz"]
[Result "0-1"]
[BlackTitle "FM"]
[WhiteElo "2056"]
[BlackElo "2195"]
[WhiteFideId "13402846"]
[BlackFideId "13601202"]
[EventDate "2012.06.04"]
[EventType "swiss"]

1. e4 c5 2. c3 d6 3. Nf3 Nf6 4. g3 Nc6 5. d3 g6 6. Bg2 Bg7 7. O-O O-O 8. Qc2 Rb8
9. Re1 b5 10. Bg5 h6 11. Bf4 e5 12. Bd2 Be6 13. Qc1 Kh7 14. Na3 Qd7 15. Nc2 b4
16. b3 bxc3 17. Bxc3 Nh5 18. Qd1 f5 19. exf5 Bxf5 20. Nh4 Nd4 21. Ne3 Bh3 22.
Be4 Nf6 23. Bxg6+ Kg8 24. Bxd4 cxd4 25. Bf5 Bxf5 26. Nexf5 Rf7 27. Rc1 Rbf8 28.
Rc2 Kh7 29. Qf3 Ng8 30. g4 Bf6 31. Qh3 Bg5 32. Nf3 Bf4 33. Re4 Kh8 34. N3xd4 d5
35. Rxf4 exf4 36. Rc6 Rxf5 37. gxf5 Qg7+ 38. Rg6 Qxd4 39. Qg4 Qxd3 40. f6 Nxf6
41. Rxh6+ Nh7 42. Rg6 Qxg6 43. Qxg6 Rg8 44. Qxg8+ Kxg8 45. Kg2 d4 46. f3 Kf7 47.
Kf2 d3 48. h4 Kg6 49. b4 Kh5 50. a4 Nf6 51. b5 Kxh4 52. a5 Nd7 0-1

[Event "1st Grand Europe Open"]
[Site "Golden Sands BUL"]
[Date "2012.06.10"]
[Round "7.78"]
[White "Imnadze, Nato"]
[Black "Stamnov, Aleksander"]
[Result "1/2-1/2"]
[BlackTitle "FM"]
[WhiteElo "2052"]
[BlackElo "2191"]
[WhiteFideId "13600974"]
[BlackFideId "15000664"]
[EventDate "2012.06.04"]
[EventType "swiss"]

1. e4 e5 2. Nf3 Nc6 3. d3 Bc5 4. Be2 d6 5. c3 Nf6 6. O-O h6 7. Nbd2 a6 8. b4 Ba7
9. a3 O-O 10. h3 Nh5 11. Nc4 Ng3 12. Re1 Nxe2+ 13. Qxe2 f5 14. exf5 Bxf5 15. Be3
Bxe3 16. Nxe3 Be6 17. Nd2 Qh4 18. Ndf1 d5 19. Ng4 Rae8 20. Rad1 Qg5 21. Qe3 Qg6 1/2-1/2

[Event "1st Grand Europe Open"]
[Site "Golden Sands BUL"]
[Date "2012.06.10"]
[Round "7.79"]
[White "Bick, John D."]
[Black "Levine, Viktor"]
[Result "1/2-1/2"]
[WhiteTitle "FM"]
[WhiteElo "2181"]
[BlackElo "1969"]
[WhiteFideId "2012790"]
[BlackFideId "2048000"]
[EventDate "2012.06.04"]
[EventType "swiss"]

1. d4 d5 2. c4 c6 3. cxd5 cxd5 4. Bf4 Qb6 5. Nc3 Nf6 6. e3 Qxb2 7. Rc1 Bf5 8.
Bxb8 Rxb8 9. Bb5+ Bd7 10. Bxd7+ Nxd7 11. Nge2 e6 12. O-O a6 13. f4 f5 14. g4 g6
15. gxf5 gxf5 16. Ng3 h5 17. Rf2 Qa3 18. Nxh5 Bb4 19. Rfc2 Kf7 20. Ng3 Nf6 21.
Nf1 Rbg8+ 22. Kh1 Ng4 23. Qf3 Qa5 24. Nd1 Bd6 25. Nf2 Nxf2+ 26. Rxf2 Qd8 27.
Rcc2 Rg4 28. Rg2 Rhg8 29. Rxg4 Rxg4 30. Rg2 Qg8 31. h3 Rxg2 32. Qxg2 Qxg2+ 33.
Kxg2 Bb4 34. Kf2 b5 35. Ke2 a5 36. Nh2 Be7 37. Nf3 Bd6 38. Kd3 Kf6 39. Ne5 Bc7
40. Kc3 Kg7 41. Kd3 Kf6 42. Kc3 Bd6 1/2-1/2

[Event "1st Grand Europe Open"]
[Site "Golden Sands BUL"]
[Date "2012.06.10"]
[Round "7.80"]
[White "Melashvili, Nino"]
[Black "Dyulgerov, Dimitar"]
[Result "1-0"]
[WhiteTitle "WIM"]
[WhiteElo "2158"]
[BlackElo "2015"]
[WhiteFideId "13600397"]
[BlackFideId "2919044"]
[EventDate "2012.06.04"]
[EventType "swiss"]

1. Nf3 c5 2. b3 Nc6 3. Bb2 Nf6 4. e3 d5 5. Be2 Bg4 6. h3 Bh5 7. g4 Bg6 8. Ne5
Nxe5 9. Bxe5 Nd7 10. Bg3 e6 11. Nc3 a6 12. O-O Be7 13. f4 f5 14. Bf3 O-O 15. Qe2
Bf6 16. gxf5 Bxf5 17. e4 Bxh3 18. exd5 Bxf1 19. Qxe6+ Kh8 20. Rxf1 Re8 21. Qf5
Bxc3 22. dxc3 Nf6 23. Kg2 g6 24. Qd3 Qd7 25. Rh1 Kg7 26. c4 Ng4 27. Qc3+ Kg8 28.
d6 Ne3+ 29. Kf2 Qxd6 30. Re1 Qd4 31. Rxe3 Qxc3 32. Rxc3 Re7 33. Bh4 Rd7 34. Rd3
Rc7 35. Bd8 Rg7 36. Bf6 Rc7 37. Be5 Re7 38. Bd5+ 1-0

[Event "1st Grand Europe Open"]
[Site "Golden Sands BUL"]
[Date "2012.06.11"]
[Round "8.1"]
[White "Ipatov, Alexander"]
[Black "Vajda, Levente"]
[Result "1/2-1/2"]
[WhiteTitle "GM"]
[BlackTitle "GM"]
[WhiteElo "2561"]
[BlackElo "2600"]
[WhiteFideId "14116731"]
[BlackFideId "1203975"]
[EventDate "2012.06.04"]
[EventType "swiss"]

1. c4 Nf6 2. g3 g6 3. Bg2 Bg7 4. Nc3 d6 5. d4 Nbd7 6. Nf3 O-O 7. O-O e5 8. Qc2
Re8 9. Rd1 c6 10. e4 exd4 11. Nxd4 Qe7 12. b3 h5 13. Bg5 Qf8 14. Qd2 Nh7 15. Be3
h4 16. gxh4 Ne5 17. h3 c5 18. Ndb5 Bxh3 19. Qxd6 Bxg2 20. Kxg2 b6 21. Nc7 Ng4
22. Qxf8+ Rxf8 23. Bd2 Rad8 24. Be1 Bd4 25. Rac1 Nhf6 26. N7d5 Rde8 27. f3 Nxd5
28. Nxd5 Ne3+ 29. Nxe3 Bxe3 30. Bd2 Bxd2 31. Rxd2 f5 32. exf5 Rxf5 33. Rcd1 Ref8
34. Rd3 R8f7 35. Re1 Kg7 36. Re6 Rf4 37. Kg3 Kh6 38. Re4 R4f6 39. f4 Rf5 40. Rd6
Kg7 41. Rd8 Rf8 42. Re7+ R8f7 43. Ree8 Kf6 44. Kg4 Kg7 45. Kg3 Kf6 46. Rg8 Ke7
47. Rde8+ Kd7 48. Re4 R5f6 49. Kg4 Rd6 50. Ree8 Rdf6 51. Re4 Rd6 52. h5 gxh5+
53. Kxh5 Re6 54. Rxe6 Kxe6 55. Kg5 Rf5+ 56. Kg4 Rf7 57. Rg6+ Ke7 58. Kg5 Rh7 59.
Rg8 Ke6 60. Kg6 Rh2 61. Re8+ Kd7 62. Re3 Rg2+ 63. Kf6 Rxa2 64. f5 a5 65. Re7+
Kd8 66. Re6 a4 67. Rxb6 a3 68. Rb5 Rb2 69. Rxc5 Rxb3 70. Ra5 Kd7 71. Kg7 Rg3+
72. Kf7 Kc6 73. c5 Kd5 74. Ke7 Kc6 75. Ke6 Re3+ 76. Kf6 Kd5 77. Kg5 Rc3 78. f6
Rf3 79. Kg6 Kc6 80. Kf7 Re3 81. Kg7 Rg3+ 82. Kh6 Rf3 83. Kg6 Rg3+ 84. Kf5 Kd5
85. Kf4 Rg6 86. Kf5 Rg3 87. f7 Rf3+ 88. Kg6 Ke6 89. Ra6+ Ke7 90. Ra7+ Ke6 91.
Kg7 Rg3+ 92. Kf8 Kd5 93. Ke7 Re3+ 94. Kf6 Rf3+ 95. Kg7 Rg3+ 96. Kh6 Rf3 97. Kg6
Rg3+ 98. Kf5 Rf3+ 99. Kg6 Rg3+ 100. Kf6 Rf3+ 101. Ke7 Re3+ 102. Kd7 Rf3 103. Ke8
Re3+ 104. Kf8 Kxc5 105. Ra5+ Kb4 106. Rf5 a2 107. Kg8 Rg3+ 108. Kh7 Rh3+ 109.
Kg6 Rh8 1/2-1/2

[Event "1st Grand Europe Open"]
[Site "Golden Sands BUL"]
[Date "2012.06.11"]
[Round "8.3"]
[White "Efimenko, Zahar"]
[Black "Li, Shilong"]
[Result "1-0"]
[WhiteTitle "GM"]
[BlackTitle "GM"]
[WhiteElo "2689"]
[BlackElo "2553"]
[WhiteFideId "14107201"]
[BlackFideId "8600678"]
[EventDate "2012.06.04"]
[EventType "swiss"]

1. e4 c5 2. Nf3 e6 3. Nc3 d6 4. d4 cxd4 5. Nxd4 Nf6 6. g4 h6 7. h3 Nc6 8. Be3
Be7 9. Qd2 a6 10. O-O-O Bd7 11. f4 Rc8 12. Kb1 b5 13. Bd3 Qc7 14. g5 hxg5 15.
fxg5 Nh5 16. g6 Ne5 17. gxf7+ Kxf7 18. Rdf1+ Bf6 19. Rhg1 b4 20. Nce2 a5 21. Ng3
Nxg3 22. Rxg3 Rcf8 23. Bg5 Rh7 24. Nf3 Ke8 25. Nxe5 dxe5 26. Rgf3 Qd8 27. Qf2
Rf7 28. Qc5 Rh8 29. Bb5 Bxb5 30. Qxb5+ Kf8 31. Qxe5 Kg8 32. Bxf6 gxf6 33. Qxe6
Qd7 34. Rg1+ Kf8 35. Qb6 Rh5 36. Qb8+ Ke7 37. Rd3 Qc6 38. Qd8+ Ke6 39. Rgd1 Qxe4
40. Qe8+ 1-0

[Event "1st Grand Europe Open"]
[Site "Golden Sands BUL"]
[Date "2012.06.11"]
[Round "8.5"]
[White "Lupulescu, Constantin"]
[Black "Swiercz, Dariusz"]
[Result "1/2-1/2"]
[WhiteTitle "GM"]
[BlackTitle "GM"]
[WhiteElo "2603"]
[BlackElo "2585"]
[WhiteFideId "1207822"]
[BlackFideId "1126881"]
[EventDate "2012.06.04"]
[EventType "swiss"]

1. d4 Nf6 2. c4 e6 3. Nc3 Bb4 4. e3 O-O 5. Bd3 d5 6. Nf3 c5 7. O-O Nc6 8. a3
Bxc3 9. bxc3 dxc4 10. Bxc4 Qc7 11. h3 e5 12. Ba2 e4 13. Nd2 Re8 14. Bb2 Be6 15.
Bb1 cxd4 16. cxd4 Bd5 17. Bc2 Rac8 18. Rc1 Qd7 19. Bb1 Na5 20. Qe2 b5 21. Rxc8
Rxc8 22. Rc1 Rxc1+ 23. Bxc1 h6 24. Qd1 Qc6 25. Qc2 Nc4 26. Qc3 a6 1/2-1/2

[Event "1st Grand Europe Open"]
[Site "Golden Sands BUL"]
[Date "2012.06.11"]
[Round "8.6"]
[White "Salem, A.R. Saleh"]
[Black "Akopian, Vladimir"]
[Result "0-1"]
[WhiteTitle "GM"]
[BlackTitle "GM"]
[WhiteElo "2528"]
[BlackElo "2697"]
[WhiteFideId "9301348"]
[BlackFideId "13300032"]
[EventDate "2012.06.04"]
[EventType "swiss"]

1. d4 Nf6 2. c4 e6 3. Nc3 Bb4 4. e3 O-O 5. Bd3 b6 6. Nf3 Bb7 7. O-O Qe7 8. Qc2
Bxf3 9. gxf3 c5 10. Ne4 cxd4 11. Kh1 Nc6 12. Nxf6+ Qxf6 13. Bxh7+ Kh8 14. Be4
Rac8 15. f4 d5 16. cxd5 exd5 17. Bg2 Rfd8 18. Qd1 Kg8 19. a3 Bf8 20. Rb1 dxe3
21. fxe3 d4 22. e4 d3 23. Bd2 Nd4 24. Bc3 Rxc3 25. bxc3 Ne2 26. Qe1 Qxc3 27. Qh4
Rd6 28. e5 Rh6 29. Qg4 Qc2 30. Rbe1 Bxa3 31. f5 Bf8 32. f6 Rg6 33. Qxg6 fxg6 34.
f7+ Kh7 35. Rf3 Kh6 36. Rh3+ Kg5 37. Be4 Kf4 38. Rh4+ Kxe5 39. Bg2 Kd6 0-1

[Event "1st Grand Europe Open"]
[Site "Golden Sands BUL"]
[Date "2012.06.11"]
[Round "8.7"]
[White "Rusev, Krasimir"]
[Black "Georgiev, Kiril"]
[Result "1/2-1/2"]
[WhiteTitle "GM"]
[BlackTitle "GM"]
[WhiteElo "2525"]
[BlackElo "2689"]
[WhiteFideId "2905434"]
[BlackFideId "2900017"]
[EventDate "2012.06.04"]
[EventType "swiss"]

1. Nf3 Nf6 2. c4 e6 3. Nc3 Bb4 4. Qc2 c5 5. a3 Ba5 6. e3 O-O 7. d4 b6 8. Be2 Bb7
9. O-O Na6 10. b3 Qe7 11. Bb2 Bxc3 12. Bxc3 Ne4 13. Bb2 f5 14. Rad1 Rad8 15. Nd2
Nf6 16. Rfe1 Nc7 17. Bd3 Qf7 18. e4 cxd4 19. exf5 exf5 20. f3 Nh5 21. Bxd4 Ne6
22. Bc3 Qg6 23. Bf1 Qg5 24. Qd3 Nhf4 25. Qd6 Nh3+ 26. Kh1 Nf2+ 27. Kg1 Nxd1 28.
Be5 Rfe8 29. Rxd1 Qe3+ 30. Kh1 Qc5 31. b4 Qxd6 32. Bxd6 Nd4 33. c5 b5 34. Kg1
Bc6 35. Nb1 Nc2 36. Bd3 Ne3 37. Rc1 a6 38. Nd2 g6 39. Kf2 Kf7 40. h4 Ra8 41. Nb3
Bd5 42. Na5 Re6 43. Ra1 Nc4 44. Bxc4 Bxc4 45. Nxc4 bxc4 46. Rc1 Rae8 47. Rxc4
Re2+ 48. Kg3 Ra2 49. c6 Ke6 50. c7 Rc8 51. Bf4 Rxa3 52. Rd4 d5 53. Rd2 Ra4 54.
Rc2 Kd7 55. Rc5 Rxb4 56. Rxd5+ Kc6 57. Rd6+ Kb7 58. Rd7 Rxf4 59. Kxf4 Rxc7 60.
Rd6 Rc6 61. Rd7+ Rc7 62. Rd6 a5 63. Kg5 Rc6 64. Rd7+ Rc7 65. Rd6 Rc2 66. g4 fxg4
67. fxg4 a4 68. Rd4 a3 69. Ra4 a2 70. Kh6 g5 71. Kxg5 Rc5+ 72. Kh6 Rc6+ 73. Kxh7
Ra6 74. Rxa2 Rxa2 75. h5 Rg2 76. h6 Rxg4 77. Kh8 Kc7 78. h7 Rh4 79. Kg7 Rxh7+
80. Kxh7 1/2-1/2